000 00635nam a2200181 i 4500
001 128242
003 ES-MaACL
007 t|
008 070626s1954 sp ||||1| spa d
100 1 _aZischka, Anton.
_9118301
245 1 0 _aAfrica, reserva de Europa
_b: el problema más importante de la colectividad europea /
_cAnton Zischka ; traducción española por Manuel Scholz.
260 _aBarcelona :
_bOmega,
_c[1954] (
_fAgustín Núñez)
300 _a341 p. ;
_c21 cm.
651 4 _aÁfrica-
_xPolítica y gobierno
_97597
700 1 _aScholz, Manuel.
_9104641
852 _aES-MaACL
_jC-6798
_bR.35953
999 _c128242
_d128242